000 00571nam a2200169Ia 4500
008 090201s9999 xx 000 0 und d
010 _aKPL-55955
040 _bमराठी
041 _aमराठी
082 _a41873
_b55955
100 _aवंसत नरहर फेणे
245 _a़निर्वासित नाती
_cवंसत नरहर फेणे
260 _c2004
_bमॅजेस्टिक प्रकाशन
300 _a145
_bमोठा
600 _a़निर्वासित नाती
942 _cBOOK
999 _c239049
_d239049